000 00966cab a2200289 4500
001 ABS58762
008 090401t1998 xxu||||| |||| 00| 0 eng d
035 _a(Sirsi) u86320
041 _aeng
100 _aJohnstone, B.
245 2 _aA champion for the rural arena
260 _c1998
350 _a0
490 _aPlanning (for the Natural and Built Environment)
_v(1262) 3 April 1998, 8(1)
520 _aOutlines the more strategic approach expected to be taken for rural planning issues, following the announced merger between the Countryside Commission and the Rural Development Commission.
650 _aCOUNTRYSIDE COMMISSION
650 _aPLANNING ISSUES
650 _aPLANNING POLICY
650 _aPLANNING SYSTEM
650 _aRURAL DEVELOPMENT COMMISSION
650 _aRURAL PLANNING
650 _aRURAL REGENERATION
650 _aSUSTAINABLE DEVELOPMENT
690 _aPLANNING LAW AND PRACTICE
942 _n0
948 _c21/05/1998
999 _c54317
_d54317